Statistiques concernant Culture Générale - Série 1181

Cliquez ici pour prendre le quiz!

Statistiques générales

  • Ce quiz a été pris 62 fois
  • Le résultat moyen est 4 sur 10

Statistiques - réponses

QuestionRéponse% Correct
Complétez cette phrase mnémotechnique des conjonctions de coordination : "mais", "ou", "et", "donc", "or", "ni"...car
95%
Selon le titre du film réalisé par Alfred Hitchcock en 1954, comment était "le crime" ?presque parfait
70%
A la fois un élément de salle de bains et une loge située au rez-de-chaussée d'un théâtre, que suis-je ?baignoire
65%
Quel libertin du 18e siècle a inspiré, en 1976, un film à Federico Fellini ?Casanova
56%
Dans quelle ville espagnole se trouve le palais de l'Alhambra ?Grenade
54%
Qui est l'auteur de la “Critique de la raison pratique” ?Emmanuel Kant
37%
Quel nom commun désigne l'ensemble des évêques ?épiscopat
18%
Quel opéra Francesco Rosi met-il en scène pour le cinéma, en 1984 ?Carmen
18%
Quel est le nom usuel des éphélides ?taches de rousseur
7%
Quel mot anglais, dérivé du malais, désigne le riz non décortiqué ?paddy
7%

Distribution des résultats

Percentile par nombre de réponses

% des personnes avec chaque résultat

Votre développement - résultats

Vous n’avez pas pris ce quiz